| 000 | 01038nam a2200253 i 4500 | ||
|---|---|---|---|
| 001 | 28745 | ||
| 003 | BD-RjUL | ||
| 005 | 20211209051325.0 | ||
| 008 | 140331s1925 nyua 001 0 eng d | ||
| 035 | _a(BD-RjUL)28827 | ||
| 040 |
_aDLC _cDLC _dDLC _dBD-RjUL _beng |
||
| 041 | _aeng | ||
| 082 | 0 | 0 |
_a973 _bPAG V-1 1925 |
| 245 | 0 | 4 |
_aThe Pageant of America : _ba pictorial history of the United States / _cRalph Henry Gabriel, editor ; John Chester Adams, Arthur Hobson Quinn, associate editors ; Charles M. Andrews ... [et al.]. advisory editors ; David M. Matteson, indexer. _nVolume I : _padventurers in the wilderness / Clark Wissler ;Constance Lindsay Skinner and William Wood. |
| 250 | _aIndependence ed. | ||
| 260 |
_aNew York : _bUnited States Publishers Association, _c1925. |
||
| 300 |
_a369 p. : _bill. ; _c26 cm. |
||
| 504 | _aIncludes index. | ||
| 651 | 0 |
_aUnited States _xCivilization. _987946 |
|
| 700 | 1 |
_aGabriel, Ralph Henry, _d1890-1987. _913875 |
|
| 942 |
_2ddc _cBK |
||
| 999 |
_c28745 _d28745 |
||